000 00709nam a2200229 a 4500
005 20240315063706.0
008 030401s2002 mx r 000 0 spa d
020 _a9681664582
035 _aUPN01000123531
049 _aCG
050 4 _aB2430 F7.23
_bF6.38 2002
100 1 _aFoucault, Michel,
_d1926-1984
245 1 0 _aDefender la sociedad :
_bcurso en el College de France 1975-1976 /
_cMichel Foucault ; tr. Horacio Pons.
250 _a2a ed.
260 _aMéxico :
_bFCE,
_c2002.
300 _a287 p.
440 0 _aSección de obras de sociología
650 4 _aGUERRA (FILOSOFIA)
_9327
650 4 _aPODER (FILOSOFIA)
_91205
650 4 _aCiencias políticas
_xFilosofía
_98065
905 _aLibro
999 _c95711
_d95711